| 000 | 00790nac a22002291u 4500 | ||
|---|---|---|---|
| 010 | _a94037161 | ||
| 020 | _a0789500531 | ||
| 020 | _a0619160357 | ||
| 082 | 0 | 0 |
_a004.6 _bW5821 |
| 090 |
_c624 _d624 |
||
| 100 | _aWhite, Curt M. | ||
| 245 | 1 | 0 |
_aData communications and computer networks : _ban OSI framework / _cCurt M. White. |
| 250 | _a3rd ed. | ||
| 260 |
_aAustralia : _bThomson , _cc2004. |
||
| 300 |
_a520 p. : _bill. ; _c31 cm. + _e1 CD-ROM (4 3/4 in.) |
||
| 500 | _aIncludes index. | ||
| 650 | 0 | _aComputer networks. | |
| 650 | 0 | _aOSI (Computer network standard) | |
| 650 | 0 | _aData transmission systems. | |
| 942 |
_cBB _k004.6W5821 |
||
| 999 |
_c624 _d624 |
||